| 000 | 00809nam a2200289Ia 4500 | ||
|---|---|---|---|
| 003 | OSt | ||
| 005 | 20221005025725.0 | ||
| 006 | a|||||r|||| 00| 0 | ||
| 007 | ta | ||
| 008 | 221004b |||||||| |||| 00| 0 eng d | ||
| 020 | _a0803948441 | ||
| 024 | _a18524 | ||
| 037 | _cTextual | ||
| 040 |
_aCRL _cCRL _beng |
||
| 041 |
_2eng _aeng |
||
| 082 | _aSigma:f, N3 | ||
| 100 |
_aRenzetti Claire M. ed. _991885 |
||
| 245 | 0 | _aResearching sensitive topics | |
| 260 |
_aCalifornia _bSage Publications USA _c1993 |
||
| 300 |
_a302 p. _ccm. |
||
| 650 | _a RESEARCH METHODS | ||
| 650 | _a SOCIAL SCIENCES | ||
| 650 | _aRESEARCH METHODS | ||
| 700 |
_a Lee Raymond M. ed. _948207 |
||
| 942 |
_hSigma:f, N3 _cTEXL _2cc |
||
| 999 |
_c935188 _d935188 |
||